| 000 | 00612nam a2200205 i 4500 | ||
|---|---|---|---|
| 001 | 149981 | ||
| 003 | ES-MaACL | ||
| 005 | 20230906203332.0 | ||
| 007 | t| | ||
| 008 | 071025s1952 mx ||||1| spa d | ||
| 100 | 1 |
_aValle-Arizpe, Artemio de. _9112780 |
|
| 245 | 1 | 0 |
_aVirreyes y virreinas de la Nueva EspaƱa / _cArtemio de Valle-Arizpe ; nota preliminar de F. S. R. |
| 260 |
_aMadrid : _b[Aguilar, _c1952] |
||
| 300 |
_a705 p. : _bil. ; _c12 cm. |
||
| 490 | 1 |
_aCrisol ; _v357 |
|
| 500 | _aRetr. aut. | ||
| 830 | 0 |
_aCrisol ; _v357 _9180848 |
|
| 852 |
_aES-MaACL _jD-8386 _bR.32961 |
||
| 999 |
_c149981 _d149981 |
||